Die Wiedergewinnung Olympias als Stätte und Idee; (Record no. 37411)

MARC details
000 -LEADER
fixed length control field 00486cam a22001697 4500
001 - CONTROL NUMBER
control field ltf90031488
003 - CONTROL NUMBER IDENTIFIER
control field DLC
005 - DATE AND TIME OF LATEST TRANSACTION
control field 20260227111551.0
008 - FIXED-LENGTH DATA ELEMENTS--GENERAL INFORMATION
fixed length control field 910122s1949 gw 000 0 ger
010 ## - LIBRARY OF CONGRESS CONTROL NUMBER
LC control number ltf90031488
040 ## - CATALOGING SOURCE
Original cataloging agency DLC
Transcribing agency DLC
Modifying agency DLC
050 00 - LIBRARY OF CONGRESS CALL NUMBER
Classification number 4GV 1620
100 1# - MAIN ENTRY--PERSONAL NAME
Personal name Gerstenberg, Joachim,
Dates associated with a name 1902-
245 14 - TITLE STATEMENT
Title Die Wiedergewinnung Olympias als Stätte und Idee;
Remainder of title ein Beitrag zur Geistesgeschichte.
260 ## - PUBLICATION, DISTRIBUTION, ETC.
Place of publication, distribution, etc. Baden-Baden,
Name of publisher, distributor, etc. Kairos Verlag
Date of publication, distribution, etc. [c1949]
300 ## - PHYSICAL DESCRIPTION
Extent 191 p.

No items available.

Powered by Koha